Eugenio María de Hostos : (Record no. 14600)
[ view plain ]
| 000 -CABECERA | |
|---|---|
| campo de control de longitud fija | 00859nam a2200229 a 4500 |
| 001 - NÚMERO DE CONTROL | |
| campo de control | 000015027 |
| 005 - FECHA Y HORA DE LA ÚLTIMA TRANSACCIÓN | |
| campo de control | 20260521073716.0 |
| 008 - DATOS DE LONGITUD FIJA--INFORMACIÓN GENERAL | |
| campo de control de longitud fija | 100129s2000 dr 001 0 spa d |
| 020 ## - NÚMERO INTERNACIONAL ESTÁNDAR DEL LIBRO | |
| Número Internacional Estándar del Libro | 9993400483 |
| 040 ## - FUENTE DE LA CATALOGACIÓN | |
| Centro catalogador/agencia de origen | DO-SdBNP |
| Lengua de catalogación | spa |
| Centro/agencia transcriptor | BNPHU |
| 082 ## - NÚMERO DE LA CLASIFICACIÓN DECIMAL DEWEY | |
| Número de clasificación | 923.7 |
| Número de documento/Ítem | L389E |
| 049 ## - FONDOS LOCALES (OCLC) | |
| Fondos de biblioteca | BNPD |
| 100 1# - ENTRADA PRINCIPAL--NOMBRE DE PERSONA | |
| Nombre de persona | Lautaro de Hostos, Boyoán |
| Fechas asociadas al nombre | 1885- 1960 |
| 9 (RLIN) | 34007 |
| 245 10 - MENCIÓN DE TÍTULO | |
| Título | Eugenio María de Hostos : |
| Resto del título | intimo / |
| Mención de responsabilidad, etc. | Boyoán Lautaro de Hostos ; prólogo Mu-Kien Adriana Sang. |
| 250 ## - MENCIÓN DE EDICIÓN | |
| Mención de edición | 2a. ed. |
| 260 ## - PUBLICACIÓN, DISTRIBUCIÓN, ETC. | |
| Lugar de publicación, distribución, etc. | Santo Domingo : |
| Nombre del editor, distribuidor, etc. | La Trinitaria, |
| Fecha de publicación, distribución, etc. | 2000. |
| Fabricante | Búho |
| 300 ## - DESCRIPCIÓN FÍSICA | |
| Extensión | 156 p. ; |
| Dimensiones | 22 cm. |
| 500 ## - NOTA GENERAL | |
| Nota general | Incluye datos biográficos del autor en la solapa |
| 500 ## - NOTA GENERAL | |
| Nota general | Incluye referencias bibliográficas y notas al pie de las páginas |
| 600 14 - PUNTO DE ACCESO ADICIONAL DE MATERIA--NOMBRE DE PERSONA | |
| Nombre de persona | HOSTOS, EUGENIO MARÍA, |
| Fechas asociadas al nombre | 1839-1903 |
| Subdivisión general | ANÉCDOTAS |
| 9 (RLIN) | 34008 |
| 700 1# - PUNTO DE ACCESO ADICIONAL--NOMBRE DE PERSONA | |
| Nombre de persona | Sang, Mu-Kien A. |
| Fechas asociadas al nombre | 1955- |
| Forma completa/desarrollada del nombre | (Mu-Kien Adriana) |
| Término indicativo de función/relación | pról. |
| 9 (RLIN) | 331 |
| Estado de retiro | Estado de pérdida | Restricciones de uso | No para préstamo | Código de colección | Localización permanente | Ubicación/localización actual | Ubicación en estantería | Fecha de adquisición | Número de inventario | Total de préstamos | Signatura topográfica completa | Código de barras | Fecha visto por última vez | Número de copia | Precio válido a partir de | Tipo de ítem Koha |
|---|---|---|---|---|---|---|---|---|---|---|---|---|---|---|---|---|
| Préstamo interno | Dominicana de Servicio | General | General | En catalogación | 29.01.2010 | LF1 | 923.7 L389E | 15027-30 | 25.06.2020 | e. 3 | 25.06.2020 | Libro y Folleto Colección Dominicana de Servicio | ||||
| Préstamo interno | Dominicana de Servicio | General | General | En catalogación | 29.01.2010 | LF1 | 923.7 L389E | 15027-40 | 25.06.2020 | e. 5 | 25.06.2020 | Libro y Folleto Colección Dominicana de Servicio | ||||
| Préstamo interno | Dominicana de Servicio | General | General | En catalogación | 29.01.2010 | LF1 | 923.7 L389E | 15027-50 | 25.06.2020 | e . 4 | 25.06.2020 | Libro y Folleto Colección Dominicana de Servicio | ||||
| Excluido de préstamo | Patrimonio Dominicano | Patrimonio Dominicano | Patrimonio Dominicano | En catalogación | 29.01.2010 | LF1 | 923.7 L389E | 15027-10 | 25.06.2020 | e. 2 | 25.06.2020 | Libro y Folleto Colección Patrimonio Dominicano | ||||
| Excluido de préstamo | Patrimonio Dominicano | Patrimonio Dominicano | Patrimonio Dominicano | En catalogación | 29.01.2010 | LF1 | 923.7 L389E | 15027-20 | 25.06.2020 | 25.06.2020 | Libro y Folleto Colección Patrimonio Dominicano |
